This Quiz Is Going 'Down' Stats

 Plays Quiz Updated Nov 2, 2017

Challenge
Share
Tweet
Embed
Score 0/26 Timer 07:00
2 Plays Today
Clue Answer % Correct
Initial amount paid at time of purchase, as in a car or houseDown payment
97%
Australia & New ZealandDown under
96.5%
Chromosomal disorder caused by the presence of a third chromosomeDown syndrome
86.8%
Passed along article of clothing, like from an older brotherHand-me-down
83%
Cake that is turned over after baking, often made with pineapplesUpside down cake
82.8%
2010 British series centered on the Crawley family and their staffDownton Abbey
79.2%
Famous line from 'The Price is Right'Come on down!
75.7%
'Do a little dance, make a little love...'Get Down Tonight
75.3%
Practical, realistic, and approachable or a 2001 Chris Rock comedyDown-to-earth
69.3%
No blinking contestStare down
68.9%
Start of a drive in American footballFirst down
66.9%
Like the final minute of a Sporcle quizDown to the wire
66.2%
What you should do if you find 99 bottles of beer on the wallTake one down, pass it around
64.9%
Clue Answer % Correct
2001 film about US forces in SomaliaBlack Hawk Down
63%
'Mr. Gorbachev, ____________!'Tear down this wall
61.6%
First line of a popular children's prayerNow I lay me down to sleep
61.5%
Official residence of the Prime Minister of the United Kingdom10 Downing Street
59.5%
Richard Adams novel about a group of rabbitsWatership Down
54.7%
Direction from a captain in preparation for a stormBatten down the hatches!
46.2%
Home of the Kentucky Derby in LouisvilleChurchill Downs
44%
End of an Apollo missionSplash down
37.9%
What Tony Stark, Kirk Lazarus, and Sherlock Holmes have in commonRobert Downey, Jr.
37.5%
Talking Heads song of 1983 about arson?Burning Down the House
34.5%
Where to find Willy and the Poorboys according to a CCR songDown on the Corner
34.1%
Armenian-American hard rock band with the hit single 'Chop Suey!'System of a Down
32.6%
To be discovered in an embarrassing or compromising situationCaught with one's pants down
31.7%

You're not logged in!

Compare scores with friends on all Sporcle quizzes.
OR
Log In

You Might Also Like...

Show Comments

Extras

Top Quizzes Today


Score Distribution

Your Account Isn't Verified!

In order to create a playlist on Sporcle, you need to verify the email address you used during registration. Go to your Sporcle Settings to finish the process.

Report this User

Report this user for behavior that violates our Community Guidelines.

Details: